000 00260nam a2200121Ia 4500
100 _aJones/ G.E.
942 _cBK
654 _aComputer
245 _aHarward Graphics for Windows
260 _bGalgotia
_aNew Delhi
_c1992
546 _aENGLISH
999 _c30892
_d30892